书目信息 |
| 题名: |
城市化发展与文化遗产保护
|
|
| 作者: | 单霁翔, 著 | |
| 分册: | ||
| 出版信息: | 天津 天津大学出版社 2006.06 |
|
| 页数: | 238页 | |
| 开本: | 21cm | |
| 丛书名: | ||
| 单 册: | ||
| 中图分类: | TU984.2 | |
| 科图分类: | ||
| 主题词: | 城市--cheng shi--文化遗产--保护--研究--中国 | |
| 电子资源: | ||
| ISBN: | 7-5618-2300-2 | |
| 000 | 00851nam 2200217 450 | |
| 001 | 012006258875 | |
| 005 | 20061128095120.10 | |
| 010 | @a7-5618-2300-2@dCNY39.80 | |
| 100 | @a20061026d2006 km y0chiy0120 ea | |
| 101 | 0 | @achi |
| 102 | @aCN@b120000 | |
| 105 | @aab z 000yy | |
| 200 | 1 | @a城市化发展与文化遗产保护@Acheng shi hua fa zhan yu wen hua yi chan bao hu@f单霁翔著@Fdan ji xiang zhu |
| 210 | @a天津@c天津大学出版社@d2006.06 | |
| 215 | @a238页@c图, 地图@d21cm | |
| 330 | @a本书揭示并解读了如下视点:我国城市化发展与文化遗产保护态势、历史性城市保护的协调发展观、历史街区的整体保护观、历史街区保护的“有机更新”观、城市建设与加强文化遗产保护的战略思考。 | |
| 606 | 0 | @a城市@Acheng shi@x文化遗产@x保护@x研究@y中国 |
| 690 | @aTU984.2@v4 | |
| 701 | 0 | @a单霁翔,@Adan ji xiang,@f1954-@4著 |
| 801 | 0 | @aCN@c20061128 |
| 905 | @a10447@dTU984.2@eD173 | |
| 城市化发展与文化遗产保护/单霁翔著.-天津:天津大学出版社,2006.06 |
| 238页:图, 地图;21cm |
| ISBN 7-5618-2300-2:CNY39.80 |
| 本书揭示并解读了如下视点:我国城市化发展与文化遗产保护态势、历史性城市保护的协调发展观、历史街区的整体保护观、历史街区保护的“有机更新”观、城市建设与加强文化遗产保护的战略思考。 |
| ● |
| 相关链接 |
|
|
|
正题名:城市化发展与文化遗产保护
索取号:TU984.2/D173
 
预约/预借
| 序号 | 登录号 | 条形码 | 馆藏地/架位号 | 状态 | 备注 |
| 1 | 224480 | 202244801 | 建筑与城市规划学院资料室/201建筑库 66排1列5层/ [索取号:TU984.2/D173] | 在馆 | |
| 2 | 224481 | 202244810 | 建筑库201/201建筑库 64排2列3层/ [索取号:TU984.2/D173] | 在馆 | |
| 3 | 224482 | 202244829 | 建筑与城市规划学院资料室/101建筑库 88排2列1层/ [索取号:TU984.2/D173] | 在馆 |